Gesammelte Schriften / (Record no. 150729)
[ view plain ]
| 000 -LEADER | |
|---|---|
| campo de control de longitud fija | 00826nam a2200169 i 4500 |
| 001 - NÚMERO DE CONTROL | |
| campo de control | 150729 |
| 003 - IDENTIFICADOR DE NÚMERO DE CONTROL | |
| campo de control | ES-MaACL |
| 005 - FECHA Y HORA DE LA ÚLTIMA TRANSACCIÓN | |
| campo de control | 20230906203652.0 |
| 007 - CAMPO FIJO DE DESCRIPCIÓN FÍSICA--INFORMACIÓN GENERAL | |
| campo de control de longitud fija | t| |
| 008 - DATOS DE LONGITUD FIJA--INFORMACIÓN GENERAL | |
| campo de control de longitud fija | 071107m19241933gw ||||1| ger d |
| 100 1# - ENTRADA PRINCIPAL--NOMBRE DE PERSONA | |
| Nombre de persona | Dilthey, Wilhelm. |
| 9 (RLIN) | 44818 |
| 245 10 - MENCIÓN DEL TÍTULO | |
| Título | Gesammelte Schriften / |
| Mención de responsabilidad, etc. | Wilhelm Dilthey. |
| 260 ## - PUBLICACIÓN, DISTRIBUCIÓN, ETC. | |
| Lugar de publicación, distribución, etc. | Berlin : |
| Nombre del editor, distribuidor, etc. | Teubner, |
| Fecha de publicación, distribución, etc. | 1924-1933. |
| 300 ## - DESCRIPCIÓN FÍSICA | |
| Extensión | 7 v. ; |
| Dimensiones | 24 cm. |
| 505 8# - NOTA DE CONTENIDO CON FORMATO | |
| Nota de contenido con formato | Contiene: V. 1. Einleitung in d. Geisteswissenschaften -- v. 2. Weltanschauung u. Analyse d. Menschen seit Renaissance u. Reformation -- v. 3. Studien zur Geschichte d. dt. Geistes -- v. 4. Die Jugendgeschichte Hegels u. a. Abhandlgn zur Geschichte d. dt. Idealismus -- v. 5-6. Die geistige Welt : Einl. in d. Philosophie d. Lebens -- v. 7. Der Aufbau d. geschichtl. Welt in d. Geisteswissenschaften |
| 852 ## - LOCALIZACIÓN | |
| Ubicación | ES-MaACL |
| Número de control de estantería | A-2945-51 |
| Estatus retirado | Estado de pérdida | Estado de daño | No para préstamo | Biblioteca de origen | Biblioteca actual | Ubicación en estantería | Fecha de adquisición | Fuente de adquisición | Total de préstamos | Signatura topográfica completa | Código de barras | Visto por última vez | Precio de reemplazo | Tipo de ítem Koha |
|---|---|---|---|---|---|---|---|---|---|---|---|---|---|---|
| Biblioteca del Ateneo de Madrid | Biblioteca del Ateneo de Madrid | Sala Pecera Planta 1 | 17/01/2008 | A-2945-51 | 1157278 | 23/02/2023 | 23/02/2023 | Libro impreso |
